Statistics for Supercars

Click here to take the quiz!

General Stats

  • This quiz has been taken 22 times
  • The average score is 4 of 8

Answer Stats

Answer% Correct
Aventador
80%
911
70%
Corvette
70%
Gt
70%
Huayra
50%
Agera rs
45%
Huracan evo
30%
And Gtr
15%

Score Distribution

Percentile by Number Answered

Percent of People with Each Score

Your Score History

You have not taken this quiz